Classical Composers by Picture - Statistics

General Stats
  • This quiz has been taken 240 times
  • The average score is 12 of 20
Answer Stats
Picture Answer % Correct
Ludwig van Beethoven
100%
Wolfgang Amadeus Mozart
96%
Johann Sebastian Bach
92%
Richard Wagner
91%
Pyotr Tchaikovsky
83%
Franz Liszt
79%
Frédéric Chopin
79%
Joseph Haydn
75%
Clara Schumann
69%
Antonín Dvořák
62%
Edvard Grieg
61%
Antonio Vivaldi
56%
Johann Strauss the Younger
52%
George Gershwin
50%
Hector Berlioz
49%
Benjamin Britten
37%
Jean Sibelius
37%
Modest Mussorgsky
36%
Andrew Lloyd Webber
27%
Arnold Schönberg
18%
No matching quizzes found
Score Distribution
Percent of People with Each Score
Percentile by Number Answered
Your Score History
You have not taken this quiz